[Event "Hastings Weekend op"]
[Site "Hastings"]
[Date "1993.??.??"]
[Round "?"]
[White "Ganesan, Sankar"]
[Black "Gufeld, Eduard"]
[Result "0-1"]
[WhiteElo "2340"]
[BlackElo "2480"]
[PlyCount "76"]
[EventDate "1993.??.??"]
[EventType "swiss"]
[EventRounds "6"]
[EventCountry "ENG"]
[SourceTitle "EXT 2004"]
[Source "ChessBase"]
[SourceDate "2003.11.25"]
[SourceVersion "1"]
[SourceVersionDate "2003.11.25"]
[SourceQuality "1"]

1. d4 Nf6 2. c4 g6 3. Nc3 Bg7 4. e4 0-0 5. Be2 d6 6. Nf3 e5 7. Be3 h6 8. 0-0 Ng4 9. Bc1 Nc6 10. d5 Ne7 11. Nd2 f5 12. b4 Nf6 13. f3 f4 14. c5 g5 15. Nc4 Ng6 16. cxd6 cxd6 17. Nb5 a6 18. Nc3 Rf7 19. a4 Bf8 20. a5 h5 21. Nb6 Rb8 22. Nxc8 Rxc8 23. Bd2 Rg7 24. Rc1 Nh8 25. g4 hxg4 26. fxg4 Rh7 27. Be1 Ng6 28. Bf3 Nh4 29. h3 Nxf3+ 30. Qxf3 Rc4 31. Rb1 Qe8 32. Qd3 Qc8 33. Rf2 Rd4 34. Qf3 Qc4 35. Rd2 Rxd2 36. Bxd2 Qd4+ 37. Qf2 Rxh3 38. Rc1 Rh1+ 0-1

[Event "Goodricke op 04th"]
[Site "Kolkata"]
[Date "1993.??.??"]
[Round "7"]
[White "Shantharam, KV."]
[Black "Ganesan, Sankar"]
[Result "0-1"]
[WhiteElo "2255"]
[BlackElo "2340"]
[PlyCount "57"]
[EventDate "1993.02.??"]
[EventType "swiss"]
[EventRounds "11"]
[EventCountry "IND"]
[SourceTitle "EXT 1998"]
[Source "ChessBase"]
[SourceDate "1997.11.17"]
[SourceVersion "1"]
[SourceVersionDate "1997.11.17"]
[SourceQuality "1"]

1. Nc3 c5 2. e4 Nc6 3. Nf3 d6 4. Bc4 Nf6 5. d3 e6 6. 0-0 Be7 7. a3 0-0 8. Re1 a6 9. Ba2 b5 10. Ne2 Bd7 11. Ng3 a5 12. c3 Qc7 13. d4 c4 14. Qe2 d5 15. e5 Ne8 16. Bb1 f5 17. exf6 gxf6 18. Bh6 Rf7 19. Nh5 Bf8 20. Bxf8 Kxf8 21. Qe3 Qd6 22. Qh6+ Kg8 23. Nf4 Nd8 24. Nxd5 exd5 25. Ng5 Rg7 26. Nxh7 Nf7 27. Rxe8+ Rxe8 28. Nxf6+ Kf8 29. Qh8+ 0-1

[Event "Hastings Weekend op"]
[Site "Hastings"]
[Date "1993.??.??"]
[Round "?"]
[White "Webb, Laurence"]
[Black "Ganesan, Sankar"]
[Result "1/2-1/2"]
[WhiteElo "2260"]
[BlackElo "2340"]
[PlyCount "77"]
[EventDate "1993.??.??"]
[EventType "swiss"]
[EventRounds "6"]
[EventCountry "ENG"]
[SourceTitle "EXT 2004"]
[Source "ChessBase"]
[SourceDate "2003.11.25"]
[SourceVersion "1"]
[SourceVersionDate "2003.11.25"]
[SourceQuality "1"]

1. e4 e6 2. d4 d5 3. Be3 Nf6 4. e5 Nfd7 5. f4 c5 6. c3 b6 7. Qa4 Be7 8. Nf3 a6 9. Nbd2 b5 10. Qd1 Nc6 11. dxc5 Bxc5 12. Bxc5 Nxc5 13. Nb3 Nxb3 14. axb3 Qb6 15. Be2 0-0 16. Nd4 Bd7 17. Nxc6 Bxc6 18. Qd4 Rfb8 19. b4 Qxd4 20. cxd4 Rc8 21. Kd2 Bb7 22. Rhc1 Rxc1 23. Rxc1 Rc8 24. Rc5 Kf8 25. h4 g6 26. Ke3 Kg7 27. g4 h6 28. Bd3 Rc6 29. Kf2 Rc8 30. Kg3 Rc6 31. Be2 Kf8 32. Bd3 Kg7 33. Kf2 Rc8 34. Ke3 Rc6 35. f5 g5 36. fxe6 fxe6 37. h5 Kf7 38. Bg6+ Ke7 39. Bh7 1/2-1/2

[Event "Goodricke op 03rd"]
[Site "Kolkata"]
[Date "1992.??.??"]
[Round "9"]
[White "Ganesan, Sankar"]
[Black "Parameswaran, Tiruchi Natesan"]
[Result "1-0"]
[WhiteElo "2300"]
[BlackElo "2365"]
[PlyCount "66"]
[EventDate "1992.01.??"]
[EventType "swiss"]
[EventRounds "11"]
[EventCountry "IND"]
[SourceTitle "CBM 027 Extra"]
[Source "ChessBase"]
[SourceDate "1992.05.01"]
[SourceVersion "1"]
[SourceVersionDate "1992.05.01"]
[SourceQuality "1"]

1. d4 Nf6 2. c4 e6 3. Nc3 Bb4 4. e3 c5 5. Nge2 cxd4 6. exd4 d5 7. c5 e5 8. a3 Bxc3+ 9. Nxc3 exd4 10. Qxd4 Nc6 11. Bb5 0-0 12. Bxc6 bxc6 13. 0-0 Ne8 14. Bf4 Nc7 15. Bxc7 Qxc7 16. b4 Ba6 17. Rfe1 Bc4 18. Ne4 a5 19. Nd6 g6 20. Rac1 axb4 21. axb4 Qb8 22. Rb1 Ra4 23. Qc3 Ba2 24. Ra1 Qa8 25. Re3 d4 26. Qxd4 Be6 27. Rae1 Rb8 28. Ne4 Raxb4 29. Nf6+ Kh8 30. Qd6 Kg7 31. Qe5 Rb1 32. g4 Rxe1+ 33. Rxe1 Rb4 1-0

[Event "IND-ch"]
[Site "India"]
[Date "1988.??.??"]
[Round "?"]
[White "Ganesan, Sankar"]
[Black "Prasad, Devaki V"]
[Result "1-0"]
[WhiteElo "2270"]
[BlackElo "2405"]
[PlyCount "59"]
[EventDate "1988.??.??"]
[EventType "tourn"]
[EventRounds "19"]
[EventCountry "IND"]
[EventCategory "4"]
[SourceTitle "EXT 1997"]
[Source "ChessBase"]
[SourceDate "1996.11.15"]
[SourceVersion "1"]
[SourceVersionDate "1996.11.15"]
[SourceQuality "1"]

1. d4 d5 2. c4 dxc4 3. Nf3 Nf6 4. Nc3 c6 5. a4 Bf5 6. e3 e6 7. Bxc4 Bb4 8. 0-0 Nbd7 9. Nh4 Bg4 10. f3 Bh5 11. g4 Nd5 12. Ng2 Bg6 13. Na2 Be7 14. e4 Nb4 15. Nxb4 Bxb4 16. Be3 a5 17. Rc1 0-0 18. h4 h6 19. g5 hxg5 20. hxg5 e5 21. Bb3 exd4 22. Qxd4 Qe7 23. Nh4 Bh7 24. g6 Qxh4 25. gxh7+ Kh8 26. Qxd7 Qg3+ 27. Kh1 f5 28. Rc2 Rad8 29. Qe6 fxe4 30. Rh2 1-0

[Event "IND-ch"]
[Site "India"]
[Date "1988.??.??"]
[Round "?"]
[White "Ganesan, Sankar"]
[Black "Thipsay, Praveen Mahadeo"]
[Result "0-1"]
[WhiteElo "2270"]
[BlackElo "2420"]
[PlyCount "90"]
[EventDate "1988.??.??"]
[EventType "tourn"]
[EventRounds "19"]
[EventCountry "IND"]
[EventCategory "4"]
[SourceTitle "EXT 1997"]
[Source "ChessBase"]
[SourceDate "1996.11.15"]
[SourceVersion "1"]
[SourceVersionDate "1996.11.15"]
[SourceQuality "1"]

1. d4 Nf6 2. c4 g6 3. Nc3 d5 4. cxd5 Nxd5 5. e4 Nxc3 6. bxc3 Bg7 7. Bc4 0-0 8. Ne2 Nc6 9. 0-0 b6 10. Be3 Bb7 11. Qd2 Na5 12. Bd3 c5 13. Bh6 cxd4 14. Bxg7 Kxg7 15. cxd4 Rc8 16. Rac1 Qd6 17. e5 Qd7 18. Qg5 Nc6 19. Rfd1 Nb4 20. Bb1 f6 21. Qg3 Nd5 22. Re1 f5 23. Nf4 e6 24. h4 Nxf4 25. Qxf4 Qe7 26. Re3 Bd5 27. Rg3 Kh8 28. Rg5 Rg8 29. f3 h6 30. Rg3 g5 31. hxg5 Rxg5 32. Kf2 Qg7 33. Rh1 Rxg3 34. Qxg3 Qxg3+ 35. Kxg3 Kg7 36. Rd1 b5 37. Kf2 b4 38. Ke2 a5 39. Kd2 Rc4 40. Kd3 Rc3+ 41. Ke2 Bc4+ 42. Ke1 f4 43. Kd2 Ra3 44. Rc1 Bxa2 45. Rc7+ Kf8 0-1

[Event "IND-ch"]
[Site "India"]
[Date "1988.??.??"]
[Round "?"]
[White "Ravi, Lanka"]
[Black "Ganesan, Sankar"]
[Result "0-1"]
[WhiteElo "2320"]
[BlackElo "2270"]
[PlyCount "52"]
[EventDate "1988.??.??"]
[EventType "tourn"]
[EventRounds "19"]
[EventCountry "IND"]
[EventCategory "4"]
[SourceTitle "EXT 1997"]
[Source "ChessBase"]
[SourceDate "1996.11.15"]
[SourceVersion "1"]
[SourceVersionDate "1996.11.15"]
[SourceQuality "1"]

1. Nf3 d5 2. d4 e6 3. Bg5 Be7 4. Bxe7 Qxe7 5. c3 Nd7 6. e3 Ngf6 7. Nbd2 e5 8. Be2 e4 9. Ng1 c6 10. Nh3 Nf8 11. Nf4 Ne6 12. g3 0-0 13. h4 Nxf4 14. gxf4 b6 15. Nf1 Be6 16. Qa4 Bd7 17. Rg1 c5 18. Qa3 Rfc8 19. Ba6 Rc7 20. Rg5 Bg4 21. Nh2 Bh5 22. Kd2 cxd4 23. cxd4 Qd7 24. Rgg1 Qh3 25. Nf1 Bf3 26. Ke1 Rac8 0-1

[Event "IND-ch"]
[Site "India"]
[Date "1988.??.??"]
[Round "?"]
[White "Sahu, Sekhar Chandra"]
[Black "Ganesan, Sankar"]
[Result "1/2-1/2"]
[WhiteElo "2325"]
[BlackElo "2270"]
[PlyCount "131"]
[EventDate "1988.??.??"]
[EventType "tourn"]
[EventRounds "19"]
[EventCountry "IND"]
[EventCategory "4"]
[SourceTitle "EXT 1997"]
[Source "ChessBase"]
[SourceDate "1996.11.15"]
[SourceVersion "1"]
[SourceVersionDate "1996.11.15"]
[SourceQuality "1"]

1. e4 c5 2. Nf3 Nc6 3. d4 cxd4 4. Nxd4 Nf6 5. Nc3 d6 6. Bg5 e6 7. Qd3 Be7 8. Be2 0-0 9. Rd1 Nxd4 10. Qxd4 Qc7 11. 0-0 Bd7 12. Bxf6 Bxf6 13. Qxd6 Qxd6 14. Rxd6 Bc6 15. f3 Bxc3 16. bxc3 Rfd8 17. Rxd8+ Rxd8 18. Bd3 Kf8 19. Kf2 Ke7 20. f4 Kd6 21. e5+ Kc5 22. Ke3 g6 23. g3 Kb6 24. h4 h5 25. Rb1+ Kc7 26. c4 Rc8 27. Rb3 Kb8 28. Rc3 Be8 29. c5 Kc7 30. a4 Bc6 31. a5 Rd8 32. a6 bxa6 33. Ra3 Kb7 34. Bxa6+ Kc7 35. Bd3 Kb7 36. Ra5 Rd7 37. Be2 Rd8 38. Ra1 Rd5 39. Ba6+ Kb8 40. Bc4 Rd7 41. Bd3 Rd5 42. Ra5 Rd7 43. Kd2 Kb7 44. Kc3 Kc8 45. Bb5 Bxb5 46. Rxb5 Rd1 47. c6 Kc7 48. Rb7+ Kxc6 49. Rxf7 Rg1 50. Rxa7 Rxg3+ 51. Kc4 Rg4 52. Ra6+ Kd7 53. Kc5 Rxf4 54. Ra7+ Kc8 55. Kd6 Rxh4 56. Kxe6 Rc4 57. Kf7 Rxc2 58. e6 Rf2+ 59. Ke8 h4 60. Ra3 g5 61. Ra5 g4 62. e7 g3 63. Rc5+ Kb7 64. Kd7 Rd2+ 65. Ke6 Re2+ 66. Re5 1/2-1/2